01739nam a2200325 a 450000500170000000800410001702000180005804100080007610000230008424501230010725000790023026000560030930000110036550001530037665300680052965300750059765300470067265300470071965300680076665300600083465300850089465300860097965300520106565300520111765300710116965300860124065300450132670000210137170000210139220240430093347.0100312s2012||||sp a f |||| 001 0 spa d a9788480869973 aspa1 aMandell, Gerald L. aMandell, Douglas y Bennett. Enfermedades Infecciosas. bSíndrome de Inmunodeficiencia Adquirida /cGerald L. Mandell a7a ed. versión en español de la 7a ed. de la obra original en inglés aBarcelona: bElsevier-Churchill Livingstone;c2012. a293 p. aMandell, G., Bennett, J. E. y Dolin, R. (2012). Enfermedades infecciosas. Síndrome de inmunodeficiencia adquirida. (7a ed.). Barcelona : Elsevier. aPerspectivas globales sobre la infección por el VIH y el SIDA aEpidemiología y prevención del SIDA y de la infección por el VIH aDiagnóstico de la infección por el VIH aInmunología de la infección por el VIH aManifestaciones clinicas generales de la infección por el VIH aManifestaciones pulmonares de la infección por el VIH aManifestaciones gastrointestinales y hepatobiliares de la infección por el VIH aEnfermedades neurológicas causadas por el VIH tipo 1 e infecciones oportunistas aEnfermedades malignas en la infección por VIH aInfección por el virus del VIH en los niños aTratamiento antirretroviral en la infección por el virus del VIH aTratamiento de las infecciones oportunistas asociadas a la infección por el VIH aVacunas contra la infección por el VIH1 aBennett, John E.1 aDolin, Raphael .